| 000 | nam a22 a 4500 | ||
|---|---|---|---|
| 999 |
_c3582 _d3582 |
||
| 003 | AKMAL | ||
| 005 | 20170523113752.0 | ||
| 008 | 170523s1988 my 00 eng d | ||
| 020 |
_a9679782034 (pbk.): _cRM 12.00 |
||
| 040 |
_aAKMAL _cAKMAL |
||
| 049 | 0 | 0 | _abgkklpmal |
| 082 | 0 | 4 | _a658.8 MIM |
| 090 | 0 | 0 |
_a658.8 _bMIM |
| 090 | 2 | 0 |
_a658.8 _bMIM |
| 245 | 0 | 0 | _aMarketing management |
| 260 |
_aPetaling Jaya : _bPelanduk Publication, _c1987 |
||
| 300 | 0 | 0 |
_a[129]p. : _bill. ; _c21cm |
| 650 | 0 |
_aMarketing _xManagement _97040 |
|
| 942 |
_2ddc _cBOOK |
||